000 00335 a2200157 4500
001 155284
040 _cEscola São Tomás de Aquino
100 _aTEIXEIRA, Júnia La Scala
240 1 0 _aPorta aberta
_lpor
245 1 0 _aPorta aberta
300 _a319
362 0 _a2011
440 1 _aFTD
697 _aMATEMÁTICA
942 _cBK
999 _c155284
_d155284